Retrouvez les 10 animaux de compagnies préférés des français - Statistiques

Statistiques générales
  • Ce quiz a été pris 662 fois
  • Le résultat moyen est 7 sur 10
Statistiques - réponses
Classsement Réponse % Correct
1 Chat
100%
2 Chien
100%
5 Lapin
88%
3 Cochon d'Inde
73%
7 Serpent
73%
4 Rat
61%
9 Tortue
56%
6 Poisson rouge
50%
8 Furet
32%
10 Chinchilla
18%
Aucun quiz correspondant
Distribution des résultats
% des personnes avec chaque résultat
Percentile par nombre de réponses
Votre historique - résultats
Vous n’avez pas pris ce quiz